Роздуми про театр, музику, літературу... (Запис № 352872)

МАРК-запис
000 -Лідер
fixed length control field 00656nam a22002417a 4500
003 - Ідентифікатор контрольного номера
control field UA-OsUOA
001 - Контрольний номер
control field 66742
007 - Фіксоване поле фізичного опису
fixed length control field ta
008 - Елементи даних фіксованої довжини – загальна інформація
fixed length control field 20100127b un ||||| |||| 00| 0 ukr d
090 ## - Локальний шифр розміщення
Класифікаційний індекс УДК 82-95
Авторський знак (НП) К67
040 ## - Джерело каталогізації
Агенція оригінальної каталогізації UA-OsUOA
Мова каталогізації ukr
Агенція, яка здійснювала перезапис UA-OsUOA
Агенція, яка здійснювала модифікацію UA-OsUOA
041 ## - Код мови
Код мови тексту/ звукової доріжки чи окремого заголовка (П) ukr
080 ## - Індекс Універсальної десяткової класифікації
Індекс Універсальної десяткової класифікації (УДК) (НП) 82-95
020 ## - Міжнародний стандартний книжковий номер (ISBN)
Міжнародний стандартний книжковий номер (ISBN) (НП) 978-966-651-477-9
100 ## - Основне введення – ім’я особи
Ім’я особи (НП) Корнійчук В. П.
245 ## - Відомості про назву
Назва (НП) Роздуми про театр, музику, літературу...
260 ## - Публікація, розповсюдження і т.п. (Вихідні дані)
Місце публікації, розповсюдження і т.п. (П) К.
Ім’я/ наймення видавництва, розповсюджувача і т.п. (П) Фенікс
Дата публікації, розповсюдження і т.п. (П) 2007
300 ## - Фізичний опис
Обсяг 320 с.
650 #7 - Додаткове предметне введення – тематичний термін
Тематичний термін чи географічна назва, як елемент введення (НП) 82 Література. Літературознавство
Джерело заголовка чи терміна UDC
942 ## - Додаткові елементи входу (Коха)
Тип елемента Koha Книги
955 ## - Код типу видання за змістом
Код типу видання за змістом (НП) Навчальні видання
Фонди
Стан вилучень Стан втрат Джерело класифікації або схеми стелажів Стан уражень Не для кредиту Постійне місце розташування Поточне розміщення Дата придбання Джерело придбання Вартість, звичайна ціна покупки Інвентарний номер Усього замовленно Повний номер виклику Штрих-код Дата останнього перегляду Ціна ефективна від Тип елемента Koha
    Universal Decimal Classification     АБ - Абонемент НБ АБ - Абонемент НБ 27/01/2010 7/2010 25.00 125959   82-95 К67 125959 29/12/2021 27/01/2010 Книги
    Universal Decimal Classification     АБ - Абонемент НБ АБ - Абонемент НБ 27/01/2010 7/2010 25.00 125960   82-95 К67 125960 29/12/2021 27/01/2010 Книги
    Universal Decimal Classification     АБ - Абонемент НБ АБ - Абонемент НБ 27/01/2010 7/2010 25.00 125961   82-95 К67 125961 29/12/2021 27/01/2010 Книги
    Universal Decimal Classification     АБ - Абонемент НБ АБ - Абонемент НБ 27/01/2010 7/2010 25.00 125962   82-95 К67 125962 29/12/2021 27/01/2010 Книги
    Universal Decimal Classification     АБ - Абонемент НБ АБ - Абонемент НБ 27/01/2010 7/2010 25.00 125963   82-95 К67 125963 29/12/2021 27/01/2010 Книги